Full-stack web development with typescript 5 : (Record no. 52113)

MARC details
000 -LEADER
fixed length control field 00689nam a2200217Ia 4500
005 - DATE AND TIME OF LATEST TRANSACTION
control field 20260429112044.0
008 - FIXED-LENGTH DATA ELEMENTS--GENERAL INFORMATION
fixed length control field 260429s9999||||xx |||||||||||||| ||und||
020 ## - INTERNATIONAL STANDARD BOOK NUMBER
International Standard Book Number 9781835885581
041 ## - LANGUAGE CODE
Language English
082 ## - DEWEY DECIMAL CLASSIFICATION NUMBER
Classification number 005.276
Item number CHE
100 ## - MAIN ENTRY--PERSONAL NAME
Personal name Chernenko, Mykyta
245 #0 - TITLE STATEMENT
Title Full-stack web development with typescript 5 :
Remainder of title craft modern full-stack projects with bun, PostgreSQL, svelte, typescript, and OpenAI /
Statement of responsibility, etc Mykyta Chernenko
250 ## - EDITION STATEMENT
Edition statement 1st ed.
260 ## - PUBLICATION, DISTRIBUTION, ETC. (IMPRINT)
Place of publication, distribution, etc Birmingham :
Name of publisher, distributor, etc Packt Publishing,
Date of publication, distribution, etc 2024.
300 ## - PHYSICAL DESCRIPTION
Extent xviii, 253 p.; pbk
650 ## - SUBJECT ADDED ENTRY--TOPICAL TERM
Topical term or geographic name as entry element Full-stack development
650 ## - SUBJECT ADDED ENTRY--TOPICAL TERM
Topical term or geographic name as entry element PostgreSQL
650 ## - SUBJECT ADDED ENTRY--TOPICAL TERM
Topical term or geographic name as entry element TypeScript
650 ## - SUBJECT ADDED ENTRY--TOPICAL TERM
Topical term or geographic name as entry element Web development
942 ## - ADDED ENTRY ELEMENTS (KOHA)
Koha item type Text Books
Holdings
Withdrawn status Lost status Damaged status Not for loan Collection code Home library Location Shelving location Date of Cataloging Source of acquisition Total Checkouts Full call number Barcode Date last seen Price effective from Koha item type
        Non-fiction CUTN Central Library CUTN Central Library Generalia 29/04/2026 SansRack Publishing Solutions, Chennai - Invoice No. S130/25-26 on 11-02-2026   005.276 CHE 57188 29/04/2026 29/04/2026 Text Books